| 000 | 00719nam a2200241Ia 4500 | ||
|---|---|---|---|
| 008 | 191130s2006##################000#0#eng## | ||
| 020 | _a9781843104384 | ||
| 040 |
_aACL _cACL |
||
| 082 | _a616.85882 LAT | ||
| 100 | _aLathe, Richard | ||
| 245 |
_aAutism, brain, and environment _cRichard Lathe |
||
| 260 |
_aLondon _bJessica Kingsley _c2006 |
||
| 300 | _a288 p. : ill. ; 24 cm | ||
| 500 | _aIncludes references and indexes | ||
| 650 | _aAutism - Environmental aspects | ||
| 650 | _aAutism -- Pathophysiology | ||
| 650 | _aAutistic Disorder | ||
| 650 | _aBrain -- physiopathology | ||
| 650 | _aEnvironmental Exposure | ||
| 990 | _a09e23211ac10000c0d65d16afaba80b9 | ||
| 991 | _a138197 | ||
| 999 |
_c375943 _d375943 |
||